Регионална библиотека "Любен Каравелов" - Русе

The Prince (Запис номер 165452)

MARC детайли
000 -Лидер
Контролно поле с фиксирана дължина 01561nam a2200385 c 4500
003 - Код на организацията, давaща контролен номер
Контролно поле BLK
005 - Дата и час на последна редакция
Контролно поле 20180420234937.0
008 - Елементи от данни с фиксирана дължина
fixed length control field 180410b bul|||||r ||||||| ||bul||
010 ## - Наследен системен номер
LC control number KNG00173062000
020 ## - Международен стандартен номер на книга ISBN
Международен стандартен номер на книга ISBN 1-85715-079-1
-- издат.: Everyman Publ. plc
040 ## - Източник на каталожния запис
Идентификатор на билиотеката - собственик на записа BLK
041 ## - Код за език
Код за езика на текст/звукозапис или на отделно заглавие Английски
Код за езика КДБФ Английски
080 ## - УДК
Текстов определител УДК Първоначални форми на власт и управление. Господство на семейството. Патриархат. Матриархат. Племе. Вж и 316. 356. 2 ; 392
УДК код - определител по УДК 321.11
УДК определител (091)(45)
УДК - код + определител 321.11(091)(45)
100 1# - Редна дума - Автор
Автор Machiavelli, Nicolo
Авторска отговорност първи автор
R(LIN) 276860
139 ## - Редно поле
Редна дума Machiavelli, Nicolo
Авторски знак Mach - M 13
245 10 - Сведения за заглавието
Заглавие The Prince
Редно поле (дума) Nicolo Machiavelli; transl. by W. K. Marriott; introd. Dominic Baker-Smith.
257 ## - Страна на издаване
Страна на създаване/издаване Италия
260 ## - Област на издателските данни
-- London
Име на издателя, разпространителя и проч. Everyman Publ. plc
Година на издаване 1992
300 ## - Физическа характеристика
Страници 192 c.
Размери/Мащаб 20 cm
380 ## - Жанр
Жанр Обществени науки
650 #4 - Допълнително описание по предмет – тема
Основно описание – тема или топоним Обществено-политически учения
9 (RLIN) 273450
650 #4 - Допълнително описание по предмет – тема
Основно описание – тема или топоним Държава - теория и философия
9 (RLIN) 244542
650 #4 - Допълнително описание по предмет – тема
Основно описание – тема или топоним Власт - теория и философия
9 (RLIN) 252452
653 ## - Ключова дума – ненормативна
Ключова дума политически учения
653 ## - Ключова дума – ненормативна
Ключова дума обществено устройство
653 ## - Ключова дума – ненормативна
Ключова дума държавно устройство
653 ## - Ключова дума – ненормативна
Ключова дума власт
700 1# - Други автори (авторска отговорност)
Лично име Marriott, W. K.
Автороска отговорност (Описва отношението между автора и произведението) transl. by
9 (RLIN) 17953
700 1# - Други автори (авторска отговорност)
Лично име Baker-Smith, Dominic
Автороска отговорност (Описва отношението между автора и произведението) introd.
9 (RLIN) 336749
852 ## - Местоположение
Форматна сигнатура Цб 203066
856 4# - Електронен адрес и достъп
Електронен формат pdf - файл
Път до файла /url/
856 4# - Електронен адрес и достъп
Електронен формат pdf - файл
Път до файла /url/
942 ## - АРТИКУЛИ
Вид на библиотечния материал Книги
Скрит в OPAC Не
944 ## - СЪЗДАВАНЕ И РЕДАКЦИЯ на ЗАПИСА
Създаване/Редакция Създаване
Дата на регистрацията/редакция 16.03.2015
Служител, извършил регистрацията/редакцията Теодора_Стоянова
944 ## - СЪЗДАВАНЕ И РЕДАКЦИЯ на ЗАПИСА
Създаване/Редакция Редакция
Дата на регистрацията/редакция 16.03.2015
Служител, извършил регистрацията/редакцията Теодора_Стоянова
999 ## - СИСТЕМНИ КОНТРОЛНИ НОМЕРА
Koha biblionumber 165452
Koha biblioitemnumber 165452
Наличности
Код за отписване Код за изгубен артикул Код за повреда Коз за рестрикции Код за отдаване Артикулен № Име на библиотеката - собственик Име на библиотеката, в която се намира в момента Статус (Текущо местоположение) Дата на вписване в системата Местоположение - отдел Цена в лева Инвентарен номер Систематично азбучна сигнатура Баркод Номер на екземпляра Цена в евро Служебна бележка Служебен тип на артикула
  Не е изгубен Не е повреден без рестрикции заемане за дома 278983 Регионална библиотека "Любен Каравелов" Русе Регионална библиотека "Любен Каравелов" Русе ЧЧЗО - англ. ез. - Британски съвет 1992-01-01 ЧЧЗО - англ. ез. - Британски съвет 0.00 652821 Ч3 32/M 13 652821 1 0.00 Дост: DA Вид: А N: стар фонд Дата: 01.01.1992 Дата инв: 16.03.2015 Бележки инв: Ч32015 Книги
Vip Innovations Ltd, Rousse, Bulgaria 2025